Provinces of China by Borders in 20 Seconds - Statistics

General Stats
  • This quiz has been taken 674 times
  • The average score is 23 of 33
Answers on the Map
Answers color-coded by a green-red scale on the quiz's map according to % correct below.
 
Answer Stats
Type Bordering Provinces Province % Correct
Province Shandong, Henan, Shanxi, Beijing, Tianjin, Inner Mongolia, Liaoning Hebei
92%
Province Chongqing, Sichuan, Gansu, Ningxia, Inner Mongolia, Shanxi, Henan, Hubei Shaanxi
86%
Province Sichuan, Tibet, Xinjiang, Gansu Qinghai
85%
Province Xinjiang, Qinghai, Sichuan, Shaanxi, Ningxia, Inner Mongolia Gansu
84%
Autonomous Region Sichuan, Tibet, Xinjiang Uyghur Tibet
83%
Autonomous Region Gansu, Qinghai, Tibet Xinjiang Uyghur
83%
Autonomous Region Heilongjiang, Jilin, Liaoning, Hebei, Shanxi, Shaanxi, Ningxia, Gansu Inner Mongolia
82%
Province Guizhou, Yunnan, Tibet, Qinghai, Gansu, Shaanxi, Chongqing Sichuan
82%
Province Henan, Hebei, Shaanxi, Inner Mongolia Shanxi
79%
Municipality Tianjin, Hebei Beijing
77%
Municipality Beijing, Hebei Tianjin
77%
Province Guangxi, Hunan, Jiangxi, Fujian, Hong Kong, Macau Guangdong
76%
Autonomous Region Gansu, Inner Mongolia Ningxia
75%
Province Guangxi, Guizhou, Sichuan, Tibet Yunnan
75%
Province Hebei, Inner Mongolia, Jilin Liaoning
74%
Province Guangdong, Guangxi, Guizhou, Chongqing, Hubei, Jiangxi Hunan
73%
Province Guangdong, Fujian, Hunan, Hubei, Anhui, Zhejiang Jiangxi
72%
Province Heilongjiang, Liaoning, Inner Mongolia Jilin
71%
Autonomous Region Guangdong, Yunnan, Hunan, Guizhou Guangxi
70%
Province Jilin, Inner Mongolia Heilongjiang
70%
Province Hubei, Shaanxi, Shanxi, Hebei, Shandong, Anhui Henan
65%
Province Shanghai, Jiangsu, Anhui, Jiangxi, Fujian Zhejiang
65%
Province Shanghai, Zhejiang, Anhui, Shandong Jiangsu
64%
Municipality Sichuan, Guizhou, Hunan, Hubei, Shaanxi Chongqing
61%
Province Guangxi, Yunnan, Hunang, Chongqing, Sichuan Guizhou
61%
Province Hunan, Chongqing, Shaanxi, Henan, Anhui Hubei
61%
Province Guangdong, Jiangxi, Zhejiang Fujian
58%
Province Henan, Shandong, Jiangsu, Hubei, Jiangxi, Zhejiang Anhui
57%
Province Jiangsu, Anhui, Henan, Hebei Shandong
57%
Special Region Guangdong Hong Kong
55%
Municipality Jiangsu, Zhejiang Shanghai
52%
Special Region Guangdong Macau
50%
Province Hainan
40%
No matching quizzes found
Score Distribution
Percent of People with Each Score
Percentile by Number Answered
Your Score History
You have not taken this quiz